MARC

Tag First Indicator Second Indicator Subfields
LEADER 00000cem a2200000 a 4500
001 in00001312913
005 20151005052052.0
007 he bmb|||baca
008 880330s1687 enk b 1 h eng d
035 |a (OCoLC)17697176 
035 |9 AHA9426AM 
040 |a GUA  |c GUA  |d TXA  |d UtOrBLW 
049 |a TXAI 
090 |a Z1201.S45  |b H8638 M3 
099 |a fiche C  |a 10223 
100 1 |a Holme, Thomas,  |d -1695. 
245 1 2 |a A mapp of ye improved part of Pensilvania in America, divided into countyes, townships, and lotts /  |c surveyed by Tho. Holme ; to William Penn Esq., proprietor & governer of Penn=sylvania, this mapp is humbly dedicated and presented by Ino. Harris. 
255 |a Scale [ca. 1:170,000]. 
264 1 |a [London] :  |b Sold by P. Lea at ye Atlas and Hercules in Cheapside,  |c [1687?] 
300 |a 1 map :  |b hand colored ; 40 x 55 cm. 
336 |a cartographic image  |b cri  |2 rdacontent 
337 |a microform  |b h  |2 rdamedia 
338 |a microfiche  |b he  |2 rdacarrier 
500 |a Shows rural landholders' names and lots in Philadelphia, Chester, and Bucks Counties. 
500 |a First issue. 
500 |a Includes indexes of landholders,insert of "The city of Philadelphia, two miles in length and one in breadth," and a coat of arms. 
533 |a Microfiche.  |b Louisville [Ky.] :  |b Lost Cause Press,  |d 1985.  |e 2 microfiches : negative  |f (Selected Americana from Sabin's Dictioanry ... ) 
500 |a Microform. 
651 0 |a Pennsylvania  |v Maps  |x Early works to 1800. 
651 0 |a Pennsylvania  |x Administrative and political divisions  |x Maps  |x Early works to 1800. 
651 0 |a Philadelphia (Pa.)  |v Maps  |x Early works to 1800. 
651 0 |a Philadelphia Region (Pa.)  |x Maps  |x Early works to 1800. 
651 0 |a Philadelphia Region (Pa.)  |x Administrative and political divisions  |x Maps  |x Early works to 1800. 
650 0 |a Real property  |z Pennsylvania  |x Maps  |x Early works to 1800. 
650 0 |a Real property  |z Pennsylvania  |z Philadelphia Region  |x Maps  |x Early works to 1800. 
700 1 |a Harris, John,  |d active 1680-1739 or 1740. 
700 1 |a Lea, Philip,  |d active 1683-1700. 
999 |a MARS 
999 f f |s 5078c57f-78f9-3f11-88f1-869d9d872c93  |i 91826e03-94b4-3061-b912-20add1373e36  |t 0 
952 f f |p default  |a Texas A&M University  |b College Station  |c Sterling C. Evans Library  |d Evans: Microforms (3rd floor)  |t 0  |e fiche C 10223  |h Other scheme  |i microform -- microfiche 
998 f f |a fiche C 10223  |t 0  |l Evans: Microforms (3rd floor)